Countries by Snippets of Flags - Statistics

General Stats
  • This quiz has been taken 96 times
  • The average score is 11 of 12
Answer Stats
Picture Answer % Correct
Iran
96%
New Zealand
95%
Turkey
95%
Saudi Arabia
93%
Liberia
91%
Oman
88%
Panama
88%
South Africa
88%
Bahamas
87%
Malta
81%
Pakistan
80%
Syria
75%
No matching quizzes found
Score Distribution
Percent of People with Each Score
Percentile by Number Answered
Your Score History
You have not taken this quiz